Electronic whistle-stops : the impact of the Internet on American politics /

Bibliographic Details
Main Author: Selnow, Gary W.
Format: Book
Language:English
Published: Westport, Conn. : Praeger, 1998.
Series:Praeger series in political communication.
Subjects:

MARC

Tag First Indicator Second Indicator Subfields
LEADER 00000cam a2200000 a 4500
001 in00001406065
005 20151020072400.0
008 970821s1998 ctu b 001 0 eng
010 |a  97034745  
020 |a 027596163X (alk. paper) 
020 |a 0275961648 (pbk. : alk. paper) 
035 |a (OCoLC)37588429 
035 |9 AHQ2799AM 
040 |a DLC  |c DLC  |d TXA  |d UtOrBLW 
043 |a n-us--- 
049 |a TXAM 
050 0 0 |a H61.95  |b .S45 1998 
082 0 0 |a 320.973  |2 21 
100 1 |a Selnow, Gary W. 
245 1 0 |a Electronic whistle-stops :  |b the impact of the Internet on American politics /  |c Gary W. Selnow. 
264 1 |a Westport, Conn. :  |b Praeger,  |c 1998. 
300 |a xxxiii, 221 pages ;  |c 24 cm. 
336 |a text  |b txt  |2 rdacontent 
337 |a unmediated  |b n  |2 rdamedia 
338 |a volume  |b nc  |2 rdacarrier 
490 1 |a Praeger series in political communication,  |x 1062-5623 
504 |a Includes bibliographical references (pages [211]-213) and index. 
650 0 |a Internet  |x Political aspects. 
650 0 |a Communication in politics  |z United States. 
830 0 |a Praeger series in political communication.  |x 1062-5623 
948 |a c:dm 
999 |a MARS 
999 f f |s 49c4c154-e956-34d9-acd7-9421a0bfd4a2  |i 47d2dcc2-9da6-315e-94e5-ccc718c3191d  |t 0 
952 f f |p ric  |a Texas A&M University  |b Rellis Campus  |c Joint Library Facility  |d Remote Storage  |t 0  |e H61.95 .S45 1998  |h Library of Congress classification  |i unmediated -- volume  |m A14823324030 
998 f f |a H61.95 .S45 1998  |t 0  |l Remote Storage